00707nam a2200193 a 4500008004100000020001800041050001500059100001900074245012700093250001600220260005400236300003400290650003200324650004600356650003500402650002300437700002900460700002400489190822s2017 ||||||||||||||||| || u a9789385923876 aTA 401 JAG aJagadish, K. S10aAlternative building materials and technologies. (2nd edition)cBy K S Jagadish ; B V Venkatarama Reddy ; K S Nanjunda Rao a2nd edition aBangalorebNew Age International Publishersc2017 aix, 218 pages : illustrations aBUILDING MATERIALS INDUSTRY aBUILDING MATERIALS--ENVIRONMENTAL ASPECTS aBUILDINGS--ENERGY CONSERVATION aBUILDING MATERIALS aReddy, B. V. Venkatarama aRao, K. S. Nanjunda